Eliseo Subiela /

Para sorpresa de muchos, Eliseo Subiela se reveló de la noche a la mañana un director distinto, subjetivo, de intransferible mundo propio. En largo lapso un cine de intrincadas instancias psicológicas y metafísicas no trascendía en la pantalla local. Menos, tal vez, en inquietante relación conceptua...

Descripción completa

Guardado en:
Autor Principal: Sendrós, Paraná.
Formato: Libro
Idioma:Undetermined
Publicado: Buenos Aires : Centro Editor de América Latina, 1993.
Series:Los directores del cine argentino ; 2
Materias:
Etiquetas: Agregar Etiqueta
Sin Etiquetas, Sea el primero en etiquetar este registro!
LEADER 01828nam a22002415a 4500
001 CEM.cems024741
008 250630s1993####ag############000#0#und#d
005 20250630161100.0
245 1 0 |a Eliseo Subiela /  |c Paraná Sendrós. 
260 |a Buenos Aires :  |b Centro Editor de América Latina,  |c 1993. 
300 |a 63 p. 
490 1 |a Los directores del cine argentino ;  |v 2 
500 |a Con el auspicio del Instituto Nacional de Cinematografía. 
500 |a Incluye filmografía y premios. 
520 |a Para sorpresa de muchos, Eliseo Subiela se reveló de la noche a la mañana un director distinto, subjetivo, de intransferible mundo propio. En largo lapso un cine de intrincadas instancias psicológicas y metafísicas no trascendía en la pantalla local. Menos, tal vez, en inquietante relación conceptual con la literatura, a la vista, en su caso, Oliverio Girondo y Roberto Arlt. Venía Subiela de un largo trajinar, desde la poética de Leonardo Favio a la visión rasante de Armando Bo, sin excluir el ejercicio publicitario. Cuando se atrevió al largometraje con "La conquista del paraíso", apuntó aptitudes infrecuentes por encima de reparos al debutante. "Hombre mirando al Sudeste", con repercusión internacional, lo afirmó. Y siquieron "Últimas imágenes del naufrafio" y "El lado oscuro del corazón", erizadas de disficultades, suscitando el análisis no convencional. Eliseo Subiela hoy es un cineasta en la mira de un nuevo público y de una nueva crítica. El análisis de su obra por Paraná Sendrós no resulta casual. 
020 |a 9502531523 
100 1 |a Sendrós, Paraná. 
653 |a Cine argentino 
653 |a Cine 
653 |a Historia del cine argentino 
653 |a Cine argentino-Historia 
653 |a Cinematografía 
859 |a CEMS  |b BIB. CEMS - 11 de abril  |h 778.50982  |i Se55  |p 29954.25  |t Ej.1